TMNT - Statistics

General Stats
  • This quiz has been taken 563 times
    557 since last reset
  • The average score is 7 of 10
Answer Stats
Hint Answer % Correct
master of the turtles splinter
98%
leader leonardo
97%
anger issues raphael
92%
splinters enemy shredder
90%
smart guy donatello
79%
shredders minions footclan
62%
crazy guy michaelangelo
56%
alien robots kraang
40%
giant dog like person dogpound
38%
shredders minion fish like person xever
20%
No matching quizzes found
Score Distribution
Percent of People with Each Score
Percentile by Number Answered
Your Score History
You have not taken this quiz since the last reset